000 00811nam a22002177a 4500
003 UA-OsUOA
001 73322
007 ta
008 20110221b un ||||| |||| 00| 0 ukr d
100 _aМакеенко М.И.
090 _a659
_bМ15
942 _cSA
040 _aUA-OsUOA
_brus
_cUA-OsUOA
_dUA-OsUOA
245 _aФормат в массовых коммуникациях: индустриальный подход
300 _aС.90-96
955 _a0
041 _arus
080 _a659
773 0 _w73317
_tВестник Московского университета. Серия 10. Журналистика
_dМ.
_d2010
_g6
650 7 _a659 Реклама. Система інформації. Громадська інформація та реклама (Паблик-Рилейшнз)
_2UDC
999 _c359607
_d359607